<A> Proposed Model on Stakeholders Impacting on Destination Management as Mediator to Achieve Sustainable Tourism Development
Zostavenie konceptualného modelu dopadu stakeholderov na destinačný manažment, ktorý by mal byť mediátorom k dosiahnutiu trvalo udržateľného rozvoja turizmu. Príklad destinácie Vietnam.
Salvato in:
| Autore principale: | |
|---|---|
| Altri autori: | |
| Natura: | Capitolo di libro |
| Lingua: | inglese |
| Soggetti: | |
| Tags: |
Nessun Tag, puoi essere il primo ad aggiungerne!!
|
MARC
| LEADER | 00000nla a2200000 4500 | ||
|---|---|---|---|
| 001 | 0247475 | ||
| 005 | 20240417075144.9 | ||
| 041 | 0 | |a eng | |
| 044 | |a CZ | ||
| 245 | 1 | 0 | |a <A> Proposed Model on Stakeholders Impacting on Destination Management as Mediator to Achieve Sustainable Tourism Development |c Vu Minh Hieu, Ida Rašovská |
| 520 | |a Zostavenie konceptualného modelu dopadu stakeholderov na destinačný manažment, ktorý by mal byť mediátorom k dosiahnutiu trvalo udržateľného rozvoja turizmu. Príklad destinácie Vietnam. | ||
| 610 | 2 | 0 | |a ruch cestovný |
| 610 | 2 | 0 | |a rozvoj trvalo udržateľný |
| 610 | 2 | 0 | |a stakeholder |
| 610 | 2 | 0 | |a skupiny záujmové |
| 610 | 2 | 0 | |a Vietnam |
| 610 | 2 | 0 | |a modely ekonomické |
| 610 | 2 | 0 | |a manažment destinačný |
| 100 | 1 | |a Hieu, Vu Minh | |
| 700 | 1 | |a Rašovská, Ida | |